IMF Technical Assistance : Transferring Knowledge and Best Practice.

An introductory guide to the IMF's technical assistance. Providing technical assistance to member countries-particularly developing countries and countries in transition-is at the core of the IMF's mission. Technical assistance, which includes training for government and central banks offi...

Fuld beskrivelse

Bibliografiske detaljer
Institution som forfatter: International Monetary Fund
Format: Tidsskrift
Sprog:English
Udgivet: Washington, D.C. : International Monetary Fund, 2003.
Serier:Pamphlet Series; Pamphlet Series, No.
Online adgang:Full text available on IMF
LEADER 01651cas a2200241 a 4500
001 AALejournalIMF012639
008 230101c9999 xx r poo 0 0eng d
020 |c 5.00 USD 
020 |z 9781589060999 
022 |a 0538-8759 
040 |a BD-DhAAL  |c BD-DhAAL 
110 2 |a International Monetary Fund. 
245 1 0 |a IMF Technical Assistance :   |b Transferring Knowledge and Best Practice. 
264 1 |a Washington, D.C. :  |b International Monetary Fund,  |c 2003. 
300 |a 1 online resource (60 pages) 
490 1 |a Pamphlet Series 
500 |a <strong>Off-Campus Access:</strong> No User ID or Password Required 
500 |a <strong>On-Campus Access:</strong> No User ID or Password Required 
506 |a Electronic access restricted to authorized BRAC University faculty, staff and students 
520 3 |a An introductory guide to the IMF's technical assistance. Providing technical assistance to member countries-particularly developing countries and countries in transition-is at the core of the IMF's mission. Technical assistance, which includes training for government and central banks officials, is one of the benefits of IMFmembership. It complements and enhances the IMF's other key forms of assistance, id est, surveillance and lending. The IMF provides technical assistance mainly in its areas of expertise and responsibility: fiscal policy, monetary policy, and macroeconomic and financial statistics. 
538 |a Mode of access: Internet 
830 0 |a Pamphlet Series; Pamphlet Series, No. 
856 4 0 |z Full text available on IMF  |u http://elibrary.imf.org/view/books/054/03427-9781589060999-en/03427-9781589060999-en-book.xml  |z IMF e-Library